000 00882nam a2200241Ia 4500
003 OSt
005 20220923221744.0
006 a|||||r|||| 00| 0
007 ta
008 220922b |||||||| |||| 00| 0 hin d
024 _a199,812
037 _cTextual
040 _aARTS
_cARTS
_bhin
041 _2hin
_ahin
082 _aQ2:332xF320mJ32, 152M9
100 _aपाटील, कुमुदिनी
245 0 _aसंत ज्ञानेश्वर एवं तुलसीदास तुलनात्मक अध्ययन
246 _aSanta jnyāneshvar evan tulasīdās tulanātmak adhyayana
260 _aकानपुर
_b चिन्तन प्रकाशन
_c1989
300 _a216पृ.
_ccm.
942 _hQ2:332xF320mJ32, 152M9
_cTEXL
_2CC
999 _c351551
_d351551